=LDR 00000nam 2200000 4500 =001 INLIS000000000016867 =005 20130612112109 =008 ***********************************Ind** =035 ##$$a0010-061300000016867 =041 ##$$a Ind =082 ##$$a 808.84 =090 ##$$a 808.84, Cam p =100 ##$$a Camus, Albert =245 ##$$a Pemberontak, esai tentang manusia dalam revolusi, Albert Camus =260 ##$$a 2000 $b Yogyakarta =650 ##$$aaxv, 578 hlm, 21 cm =850 ##$$a Esai =990 ##$$a 0001/BPAP-NTB/20142014 =990 ##$$a 0001/BPAP-NTB/20142014